<?xml version="1.0" encoding="UTF-8"?><?xml-stylesheet type="text/xsl" href="static/style.xsl"?><OAI-PMH xmlns="http://www.openarchives.org/OAI/2.0/" xmlns:xsi="http://www.w3.org/2001/XMLSchema-instance" xsi:schemaLocation="http://www.openarchives.org/OAI/2.0/ http://www.openarchives.org/OAI/2.0/OAI-PMH.xsd"><responseDate>2026-04-17T18:35:11Z</responseDate><request verb="GetRecord" identifier="oai:www.recercat.cat:20.500.12327/930" metadataPrefix="marc">https://recercat.cat/oai/request</request><GetRecord><record><header><identifier>oai:recercat.cat:20.500.12327/930</identifier><datestamp>2025-10-22T11:12:56Z</datestamp><setSpec>com_2072_4428</setSpec><setSpec>com_2072_4427</setSpec><setSpec>col_2072_487898</setSpec></header><metadata><record xmlns="http://www.loc.gov/MARC21/slim" xmlns:dcterms="http://purl.org/dc/terms/" xmlns:xsi="http://www.w3.org/2001/XMLSchema-instance" xmlns:doc="http://www.lyncode.com/xoai" xsi:schemaLocation="http://www.loc.gov/MARC21/slim http://www.loc.gov/standards/marcxml/schema/MARC21slim.xsd">
   <leader>00925njm 22002777a 4500</leader>
   <datafield ind2=" " ind1=" " tag="042">
      <subfield code="a">dc</subfield>
   </datafield>
   <datafield ind2=" " ind1=" " tag="720">
      <subfield code="a">Font‐i‐Furnols, Maria</subfield>
      <subfield code="e">author</subfield>
   </datafield>
   <datafield ind2=" " ind1=" " tag="720">
      <subfield code="a">Martín‐Bernal, Raúl</subfield>
      <subfield code="e">author</subfield>
   </datafield>
   <datafield ind2=" " ind1=" " tag="720">
      <subfield code="a">Aluwé, Marijke</subfield>
      <subfield code="e">author</subfield>
   </datafield>
   <datafield ind2=" " ind1=" " tag="720">
      <subfield code="a">Bonneau, Michel</subfield>
      <subfield code="e">author</subfield>
   </datafield>
   <datafield ind2=" " ind1=" " tag="720">
      <subfield code="a">Haugen, John‐Erik</subfield>
      <subfield code="e">author</subfield>
   </datafield>
   <datafield ind2=" " ind1=" " tag="720">
      <subfield code="a">Mörlein, Daniel</subfield>
      <subfield code="e">author</subfield>
   </datafield>
   <datafield ind2=" " ind1=" " tag="720">
      <subfield code="a">Mörlein, Johanna</subfield>
      <subfield code="e">author</subfield>
   </datafield>
   <datafield ind2=" " ind1=" " tag="720">
      <subfield code="a">Panella‐Riera, Núria</subfield>
      <subfield code="e">author</subfield>
   </datafield>
   <datafield ind2=" " ind1=" " tag="720">
      <subfield code="a">Škrlep, Martin</subfield>
      <subfield code="e">author</subfield>
   </datafield>
   <datafield ind2=" " ind1=" " tag="260">
      <subfield code="c">2020-10-15</subfield>
   </datafield>
   <datafield ind2=" " ind1=" " tag="520">
      <subfield code="a">Classification of carcasses at the slaughter line allows an optimisation of its processing and differentiated payment to producers. Boar taint is a quality characteristic that is evaluated in some slaughter plants. This odour and flavour is mostly present in entire males and perceived generally by sensitive consumers as unpleasant. In the present work, the methodologies currently used in slaughter plants for boar taint classification (colorimetric method and sensory quality control-human nose) and the methodologies that have the potential to be implemented on/at the slaughter line (mass spectrometry, Raman and biosensors) have been summarized. Their main characteristics are presented and an analysis of strengths, weaknesses, opportunities and threats (SWOT) has been carried out. From this, we can conclude that, apart from human nose, the technology that arises as very promising and available on the market, and that will probably become a substitute for the colorimetric method, is the tandem between the laser diode thermal desorption ion source and the mass spectrometry (LDTD-MS/MS) with automation of the sampling and sample pre-treatment, because it is able to work at the slaughter line, is fast and robust, and measures both androstenone and skatole.</subfield>
   </datafield>
   <datafield ind1="8" ind2=" " tag="024">
      <subfield code="a">Font-i-Furnols, Maria, Raúl Martín-Bernal, Marijke Aluwé, Michel Bonneau, John-Erik Haugen, Daniel Mörlein, Johanna Mörlein, Núria Panella-Riera, and Martin Škrlep. 2020. "Feasibility Of On/At Line Methods To Determine Boar Taint And Boar Taint Compounds: An Overview". Animals 10 (10): 1886. doi:10.3390/ani10101886.</subfield>
   </datafield>
   <datafield ind1="8" ind2=" " tag="024">
      <subfield code="a">2076-2615</subfield>
   </datafield>
   <datafield ind1="8" ind2=" " tag="024">
      <subfield code="a">http://hdl.handle.net/20.500.12327/930</subfield>
   </datafield>
   <datafield ind1="8" ind2=" " tag="024">
      <subfield code="a">https://doi.org/10.3390/ani10101886</subfield>
   </datafield>
   <datafield ind2="0" ind1="0" tag="245">
      <subfield code="a">Feasibility of on/at line methods to determine boar taint and boar taint compounds: An overview</subfield>
   </datafield>
</record></metadata></record></GetRecord></OAI-PMH>